| 000 | 00743nam a2200253 a 4500 | ||
|---|---|---|---|
| 005 | 20210219153011.0 | ||
| 008 | 991125n 000 0 u | ||
| 035 | _aUPN01000072415 | ||
| 100 | 1 | _aEnochs, Larry G | |
| 222 | _aSCHOOL SCIENCE AND MATHEMATICS | ||
| 245 | _aThe development and partial validation of microcomputer utilization in teaching efficacy beliefs instrument in a science setting | ||
| 300 | _a257-263 | ||
| 362 | 0 | _a1993 Vol. 93, no. 5 | |
| 653 | 0 | _aAUTOEFICACIA | |
| 653 | 0 | _aFORMACION DOCENTE | |
| 653 | 0 | _aEDUCACION CIENTIFICA | |
| 653 | 0 | _aCOMPUTADORA | |
| 700 | 1 | _aEllis, James D., | |
| 700 | 1 | _ecoaut. | |
| 700 | 1 | _aRiggs, Iris M., | |
| 700 | 1 | _ecoaut. | |
| 904 |
_aAC _b010226 |
||
| 905 | _aArticulo | ||
| 999 |
_c65902 _d65902 |
||